00729cam a2200205 a 450000500170000000800410001701000140005802000260007203500130009803700130011104000080012410000180013224500900015026000370024027000440027730000310032150000510035265100620040371000580046520040212082416.0030221s2002 ii b 001 0 eng  aENG-95564 a9788184050479c450.00 aEN-79097 bDBAD/PUB aDPL aDogra, Deepak aTowards Managing Diversitycby Deepak DograbCultural Aspects of Business Environment aNew DelhibReference Pressc2008 a4831/24, Ansari RoadbNew Delhie110002 a vii, 155 p. ;c22 cm.(Hb) aIncludes bibliographical references and index. aIndia, NortheasternxScheduled tribesxSocial conditions. aNorth-Eastern Social Research Centre (Gauhati, India)